000 00279nam a22001217a 4500
020 _aIS; 11234
041 _aENG
245 _aTest Code For Power Thresher For Groundnut
260 _aNew Delhi
_bBIS
_c1985
300 _a24
650 _aBIS Tist Code
856 _uBIS Tist Code
999 _c2158
_d2158